000 01427nam0a2200337 4500
001 RU\NLR\BIBL_A\011427612
005 20260406154203.0
010 _a978544459720
_94000
010 _a978-5-4444-6111-2
_bобщий
021 _aRU
_b2017-42004
_93049
035 _a(RuMoRGB)008905865
035 _a(NLR Aleph) 011427612
090 _a11636182
_c11636182
100 _a20170628d2017 a y0rusy50 ca
101 1 _arus
_cfre
102 _aRU
105 _aac||zzzz0|1ay
200 1 _aСильвандир
_aСальтеадор
_e[романы]
_fАлександр Дюма
_g[перевод с французского Я. Лесюка, А. Худадовой
_gиллюстраторы: Шарль-Франсуа Добиньи и др.]
210 _aМосква
_cВече
_d2017
215 _a510, [1] с.
_cил., портр.
_d21
225 1 _aИллюстрированное собрание сочинений
320 _aБиблиогр. Александра Дюма-отца: с. 507-508
333 _a12+
686 _aШ5(2=Р)52-644
_2rubbk
686 1 _aШ6(4Фр)57-440.4{Лх1646-50}
700 1 _7ca
_8rus
_aДюма
_bА.
_cотец
_f1802-1870
_gАлександр
_9116800
_3RU\NLR\AUTH\776853
702 1 _4040
_7ca
_8rus
_aДобиньи
_bШ.-Ф.
_f1817-1878
_gШарль-Франсуа
_9249097
_3RU\NLR\AUTH\770249153
942 _cBOOK
980 _aNBR